| 000 | 00487nam a2200157Ia 4500 | ||
|---|---|---|---|
| 008 | 210716s2008 xx 000 0 und d | ||
| 020 | _a0761997482 | ||
| 041 | _aeng | ||
| 082 | _a368.00954 PALP | ||
| 100 | _aPalande, P S;Shah, R S;Lunawat, M L. | ||
| 245 |
_aInsurance in india: changing policies and emerging opportunities. _bChanging policies and emerging opportunities. |
||
| 250 | _a1 | ||
| 260 |
_aNew Delhi _bResponse Books _c2008 |
||
| 300 | _a492 | ||
| 650 | _aInsurance(368) | ||
| 999 |
_c204776 _d204776 |
||